Prénoms des 25 actrices de légende de Hollywood - Statistiques

Statistiques générales
  • Ce quiz a été pris 525 fois
  • Le résultat moyen est 12 sur 25
Statistiques - réponses
Rang Nom Prénom % Correct
6 Monroe {Marilyn}
93%
3 Hepburn {Audrey}
90%
13 Kelly {Grace}
74%
9 Dietrich {Marlene}
68%
24 Pickford {Mary}
66%
8 Garland {Judy}
63%
7 Taylor {Elizabeth}
62%
4 Bergman {Ingrid}
61%
21 Loren {Sophia}
59%
5 Garbo {Greta}
58%
20 Bacall {Lauren}
56%
1 Hepburn {Katherine}
53%
18 Temple {Shirley}
49%
16 Leigh {Vivien}
49%
19 Hayworth {Rita}
48%
25 Gardner {Ava}
45%
22 Harlow {Jean}
44%
2 Davis {Bette}
38%
14 Rogers {Ginger}
31%
11 Stanwyck {Barbara}
28%
10 Crawford {Joan}
28%
23 Lombard {Carole}
26%
12 Colbert {Claudette}
22%
15 West {Mae}
20%
17 Gish {Lillian}
17%
Aucun quiz correspondant
Distribution des résultats
% des personnes avec chaque résultat
Percentile par nombre de réponses
Votre historique - résultats
Vous n’avez pas pris ce quiz